Normal view
MARC view
Entry Personal Name
001 - CONTROL NUMBER
- control field: 21147
003 - CONTROL NUMBER IDENTIFIER
- control field: OSt
005 - DATE AND TIME OF LATEST TRANSACTION
- control field: 20210129163722.0
008 - FIXED-LENGTH DATA ELEMENTS
- fixed length control field: 210129|| aca||aabn | a|a d
040 ## - CATALOGING SOURCE
- Original cataloging agency: OSt
- Transcribing agency: OSt
100 ## - HEADING--PERSONAL NAME
- Personal name: Menudo, Jose, M. and Rieucau, Nicolas.
670 ## - SOURCE DATA FOUND
- Source citation: Work cat.: (OSt)514580: Menudo, Jose, M. and Rieucau, Nicolas. , The rural economics of Rene De girardin: Landscapes at the service of L'ideologie nobiliaire
